000
00343nam a2200145Ia 4500
100
_a
Handfield/Robert B/ Nicholas/Ernest L
942
_c
BK
654
_a
supply chain
245
_a
Introduction to supply chain management
260
_b
Pearson Education
_c
1999
082
_a
658.5
_b
HAN
300
_a
189
546
_a
ENGLISH
999
_c
34308
_d
34308